A report of the first All India Sugar Merchants' Conference, Cawnpore, held on the 30th November and the 1st December, 1936. (Record no. 81048)

MARC details
000 -LEADER
fixed length control field 00730nam a22002171 4500
001 - CONTROL NUMBER
control field sa 68005995
003 - CONTROL NUMBER IDENTIFIER
control field DLC
005 - DATE AND TIME OF LATEST TRANSACTION
control field 20260227112513.0
008 - FIXED-LENGTH DATA ELEMENTS--GENERAL INFORMATION
fixed length control field 711028s1936 ii c 100 0 eng
010 ## - LIBRARY OF CONGRESS CONTROL NUMBER
LC control number sa 68005995
040 ## - CATALOGING SOURCE
Original cataloging agency DLC
Transcribing agency DLC
Modifying agency DLC
043 ## - GEOGRAPHIC AREA CODE
Geographic area code a-ii---
050 00 - LIBRARY OF CONGRESS CALL NUMBER
Classification number HD9116.I4
Item number A7 1936
111 2# - MAIN ENTRY--MEETING NAME
Meeting name or jurisdiction name as entry element All India Merchants' Conference.
Number [OBSOLETE] 1st,
Location of meeting Kanpur,
Date of meeting or treaty signing 1936.
245 02 - TITLE STATEMENT
Title A report of the first All India Sugar Merchants' Conference, Cawnpore, held on the 30th November and the 1st December, 1936.
Statement of responsibility, etc. Edited by Shri Narain.
260 ## - PUBLICATION, DISTRIBUTION, ETC.
Place of publication, distribution, etc. [Cawnpore]
Name of publisher, distributor, etc. M. H. Parikh,
Date of publication, distribution, etc. 1936.
300 ## - PHYSICAL DESCRIPTION
Extent 36 p.
Other physical details ports.
Dimensions 25 cm.
500 ## - GENERAL NOTE
General note Cover title.
650 #0 - SUBJECT ADDED ENTRY--TOPICAL TERM
Topical term or geographic name entry element Sugar trade
Geographic subdivision India
General subdivision Congresses.
700 0# - ADDED ENTRY--PERSONAL NAME
Personal name Shri Narain,
Relator term ed.

No items available.

Powered by Koha